| 000 | 00790nam a22001577a 4500 | ||
|---|---|---|---|
| 003 | OSt | ||
| 005 | 20160225165414.0 | ||
| 008 | 160225b xxu||||| |||| 00| 0 eng d | ||
| 040 | _cRUA | ||
| 082 | _aAGR AI 2014 B431 Or.1 | ||
| 100 |
_97507 _aAI SISOKUNPIDOR, អាយ ស៊ីសុគន្ធពិដោរ |
||
| 245 | _aEffective of different solution concentration on the of growth of nato lettuce by hydroponics, ឥទ្ធិពលនៃកំហាប់របស់សូលុយស្យុងសារធាតុចិញ្ចឹមខុសគ្នាលើការលូតលាស់ដំណាំសាលាដNATOដាំដោយបច្ចេកទេសHydroponics | ||
| 260 |
_aPhnom Penh _bRUA _c2014 |
||
| 300 |
_axi; 40p. _bill. _c29cm. |
||
| 942 |
_2ddc _cAGR |
||
| 999 |
_c7097 _d7097 |
||